An ember from her pyre / (Record no. 147183)

MARC details
000 -LEADER
fixed length control field 00514nam a22001817a 4500
005 - DATE AND TIME OF LATEST TRANSACTION
control field 20181129114325.0
010 ## - LCCN (DPL NO)
LC control number ENG-121229
020 ## - INTERNATIONAL STANDARD BOOK NUMBER
Terms of availability 200.00
International Standard Book Number 9789350451403
035 ## - SYSTEM CONTROL NUMBER
System control number EN-104761
037 ## - SOURCE OF ACQUISITION
Source of stock number/acquisition DBAD/PUB
082 ## - DEWEY DECIMAL CLASSIFICATION NUMBER
Classification number 881
100 ## - MAIN ENTRY--PERSONAL NAME
Personal name Bhoil,Shelly
245 ## - TITLE STATEMENT
Title An ember from her pyre /
Statement of responsibility, etc by Shelly Bhoil
260 ## - PUBLICATION, DISTRIBUTION, ETC. (IMPRINT)
Place of publication, distribution, etc Calcutta
Name of publisher, distributor, etc A Writers Workshop Publication
Date of publication, distribution, etc 2016
270 ## - ADDRESS
Address 162/92 Lake Gardens
City Calcutta
Postal code 700045
300 ## - PHYSICAL DESCRIPTION
Extent 96p.
Dimensions 22cm(Hb)
942 ## - ADDED ENTRY ELEMENTS (KOHA)
Source of classification or shelving scheme Dewey Decimal Classification
Item type English Books
Classification part 881
Call number suffix BHA
Holdings
Withdrawn status Lost status Not for loan Collection code Home library Current library Date acquired Source of acquisition Cost, normal purchase price Full call number Barcode Copy number Cost, replacement price Koha item type
    Not For Loan Non-fiction D.B.Act.Division Bawana 06/11/2017 DBAD/PUB 200.00 881 BHA EN-104761 1 200.00 English Books

© Delhi Public Library
Hit Counter
free hit counter